Southville International School and Colleges
Your cart is empty.
  • Cart
  • Lists
    Public lists Eva Luna New books Lux_list list_1
    Your lists Log in to create your own lists
  • Log in to your account
  • Your cookies
  • Search history
Southville International School and Colleges
  • Advanced search
  • Recent comments
  • Most popular
  • Libraries

Log in to your account

Log in with GOOGLE


If you do not have an external account, but do have a local account, you can still log in:

  1. Home
  2. MARC view: Displaying your findings :
Normal view MARC view ISBD view

Displaying your findings : (Record no. 24002)

[ view plain ]
MARC details
000 -LEADER
fixed length control field 00747nam a2200217 a 4500
003 - CONTROL NUMBER IDENTIFIER
control field PILC
005 - DATE AND TIME OF LATEST TRANSACTION
control field 20160215101827.0
008 - FIXED-LENGTH DATA ELEMENTS--GENERAL INFORMATION
fixed length control field 100806s19uu xx 00 eng d
020 ## - INTERNATIONAL STANDARD BOOK NUMBER
International Standard Book Number 9781433807077
050 ## - LIBRARY OF CONGRESS CALL NUMBER
Classification number BF 76.8
Item number .N53 2010
100 ## - MAIN ENTRY--PERSONAL NAME
Personal name Nicol, Adelheid A. M.
245 ## - TITLE STATEMENT
Title Displaying your findings :
Remainder of title a practical guide for creating figures, posters, and presentations /
Statement of responsibility, etc Adelheid A.M. Nicol and Penny M. Pexman.
260 ## - PUBLICATION, DISTRIBUTION, ETC. (IMPRINT)
Place of publication, distribution, etc Washington, D.C :
Name of publisher, distributor, etc American Psychological Association,
Date of publication, distribution, etc 2010.
300 ## - PHYSICAL DESCRIPTION
Extent 191 pages :
Other physical details illustrations ;
Dimensions 25 cm.
500 ## - GENERAL NOTE
General note Includes index.
650 ## - SUBJECT ADDED ENTRY--TOPICAL TERM
Topical term or geographic name as entry element Psychological literature.
650 ## - SUBJECT ADDED ENTRY--TOPICAL TERM
Topical term or geographic name as entry element Psychology
General subdivision Graphic methods.
700 ## - ADDED ENTRY--PERSONAL NAME
Personal name Pexman, Penny M.
942 ## - ADDED ENTRY ELEMENTS (KOHA)
Koha item type Books
Source of classification or shelving scheme Library of Congress Classification
Call number prefix Foreign
Holdings
Withdrawn status Lost status Source of classification or shelving scheme Damaged status Home library Current library Shelving location Date acquired Source of acquisition Cost, normal purchase price Total Checkouts Full call number Barcode Date last seen Copy number Price effective from Koha item type
    Library of Congress Classification   College Library College Library General Circulation Section 08/06/2010 Library Fund 1557.00   BF 76.8 .N53 2010 C11334 05/15/2018 1 10/18/2013 Books

Displaying your findings :

APA

Nicol A. A. M., Pexman P. M., . (2010). Displaying your findings. Washington, D.C: American Psychological Association.

Chicago

Nicol Adelheid A M, Pexman Penny M, . 2010. Displaying your findings. Washington, D.C: American Psychological Association.

Harvard

Nicol A. A. M., Pexman P. M., . (2010). Displaying your findings. Washington, D.C: American Psychological Association.

MLA

Nicol Adelheid A M, Pexman Penny M, . Displaying your findings. Washington, D.C: American Psychological Association. 2010.

  • Place hold
  • Print
  • Cite
  • Add to your cart (remove)
  • Save record
    BIBTEX Dublin Core MARCXML MARC (non-Unicode/MARC-8) MARC (Unicode/UTF-8) MARC (Unicode/UTF-8, Standard) MODS (XML) RIS
  • More searches
    Search for this title in:
    Other Libraries (WorldCat) Other Databases (Google Scholar) Online Stores (Bookfinder.com) Open Library (openlibrary.org)

Exporting to Dublin Core...

SOUTHVILLE LIBRARY

Southville International School and Colleges Library

1281 Tropical Ave. Cor. Luxembourg St., BF Homes International, Las Pinas City

Tel. No. 8256374 / 252358 Loc. 117/146

Powered by Koha